| 000 | 00511nam a2200181 i 4500 | ||
|---|---|---|---|
| 001 | 22267 | ||
| 003 | ES-MaACL | ||
| 005 | 20230906152648.0 | ||
| 007 | t| | ||
| 008 | 021202s1964 sp ||||1| spa d | ||
| 245 | 0 | 0 | _aAlianza dinámica. |
| 260 |
_aMadrid : _bServicio Informativo Español, M.I.T., _c1964. |
||
| 300 |
_a93 p., 6 lám. ; _c21 cm. |
||
| 490 | 1 |
_aDocumentos políticos ; _v3 |
|
| 830 | 0 |
_aDocumentos políticos ; _v3 _9181246 |
|
| 852 |
_aES-MaACL _jC-25432 _bR.54007 |
||
| 999 |
_c22267 _d22267 |
||